000 01018nam a2200301Ia 4500
003 GCL
005 20240530110926.0
008 140319s9999 xx 000 0 ara d
040 _aGCL /
_cGCL
082 0 4 _a910.133
_bم ق
100 0 _aمحمد الفتحى بكير محمد
245 1 0 _aقراءات فى جغرافية الصناعة /
_cمحمد الفتحى بكير محمد
260 _aالقاهرة :
_bدار المعرفة الجامعية ،
_c2008
300 _a317 ص ؛
_c24 سم
650 0 4 _aالبترول
650 0 4 _aالجغرافيا الصناعية
650 0 4 _aالحديد والصلب
650 0 4 _aمصادر الطاقة
650 0 4 _aالغاز الطبيعى
650 0 4 _aالصناعات التحويلية
650 0 4 _aالقطن
650 0 4 _aالبتروكيماويات
650 0 4 _aالصوف الصناعى
650 0 4 _aالفحم
650 0 4 _aالبترول - تكرير
650 0 4 _aالجغرافيا الصناعية
942 _2ddc
_cBK
999 _c66576
_d66576